000 00495nam a22002057a 4500
003 koha_MIRAKIL
005 20231213100031.0
008 231213b |||||||| |||| 00| 0 ||| d
020 _b978-9-75141116-7
040 _aTR-IsEVY
_btur
_cTR-IsEVY
082 _a843 DUM/K
100 _aDumas, Alexandre.
245 0 _aKara lale
250 _a2. bs.
260 _bRemzi Kitabevi,
_c2009
300 _a135 s.
650 _aFransız romanı.
650 _aFrench fiction.
942 _2ddc
_cBK
999 _c13437
_d13437